header

I spit on their graves (Record no. 96665)

MARC details
000 -LEADER
fixed length control field 01131nam a2200289 a 4500
100 1# - MAIN ENTRY--AUTHOR NAME
Personal name Tangwa, Godfrey B.
245 10 - TITLE STATEMENT
Title I spit on their graves
260 ## - PUBLICATION, DISTRIBUTION, ETC. (IMPRINT)
Place of publication Bamenda, Cameroon :
Name of publisher Langaa RPCIG,
Year of publication 2010.
300 ## - PHYSICAL DESCRIPTION
Number of Pages xix, 201 p.
856 40 - ELECTRONIC LOCATION AND ACCESS
Uniform Resource Identifier http://site.ebrary.com/lib/rucke/Doc?id=10375872

No items available.

© 2026 Rongo University
Contact us: librarian | system librarian | Rongo university